महाराजा मानसिंह / (Record no. 120167)

MARC details
000 -LEADER
fixed length control field 01255nam a22002657a 4500
005 - DATE AND TIME OF LATEST TRANSACTION
control field 20170124103154.0
010 ## - LIBRARY OF CONGRESS CONTROL NUMBER
LC control number B-076730
020 ## - INTERNATIONAL STANDARD BOOK NUMBER
Terms of availability 75.00
035 ## - SYSTEM CONTROL NUMBER
System control number B-076730
037 ## - SOURCE OF ACQUISITION
Source of stock number/acquisition Cen Lib/Ret
040 ## - CATALOGING SOURCE
Original cataloging agency DPL
Language of cataloging HN
082 ## - DEWEY DECIMAL CLASSIFICATION NUMBER
Classification number 954.05
Item number दाधीच
100 ## - MAIN ENTRY--PERSONAL NAME
Personal name दाधीच, रामप्रसाद
9 (RLIN) 88871
245 ## - TITLE STATEMENT
Title महाराजा मानसिंह /
Statement of responsibility, etc रामप्रसाद दाधीच
246 ## - VARYING FORM OF TITLE
Title proper/short title Maharaja Mansingh /
Remainder of title by Ram Prasad Dadeech
260 ## - PUBLICATION, DISTRIBUTION, ETC. (IMPRINT)
Place of publication, distribution, etc जोधपुर
Name of publisher, distributor, etc महाराजा मानसिंह पुस्तक प्रकाश
Date of publication, distribution, etc 2002
270 ## - ADDRESS
Address मेहरानगढ़ म्यूजियम ट्रस्ट, दुर्ग
City जोधपुर
300 ## - PHYSICAL DESCRIPTION
Extent 77पृ.
Dimensions 21सेमी(सजिल्द)
500 ## - GENERAL NOTE
General note अनुक्रमणिका और सन्दर्भ शामिल
650 ## - SUBJECT ADDED ENTRY--TOPICAL TERM
Topical term or geographic name as entry element हिंदी साहित्य
9 (RLIN) 88872
650 ## - SUBJECT ADDED ENTRY--TOPICAL TERM
Topical term or geographic name as entry element महाराजा मानसिंह--जीवन और व्यक्तित्व
9 (RLIN) 88873
650 ## - SUBJECT ADDED ENTRY--TOPICAL TERM
Topical term or geographic name as entry element Hindi literature
9 (RLIN) 88874
650 ## - SUBJECT ADDED ENTRY--TOPICAL TERM
Topical term or geographic name as entry element Maharaja Man Singh - Life and Personality
9 (RLIN) 88875
942 ## - ADDED ENTRY ELEMENTS (KOHA)
Source of classification or shelving scheme Dewey Decimal Classification
Koha item type Hindi Books
Classification part 954.05
Call number suffix दाधीच
Holdings
Withdrawn status Lost status Damaged status Not for loan Home library Current library Date acquired Source of acquisition Cost, normal purchase price Total Checkouts Full call number Barcode Date last seen Copy number Cost, replacement price Price effective from Koha item type
        Central Library Central Library 21/09/2015 Cen Lib/Ret 75.00   954.05 दाधीच B-076730 21/09/2015 1 75.00 21/09/2015 Hindi Books

© Delhi Public Library
Hit Counter
free hit counter